[Event "SVR-op 33rd"]
[Site "Mendig"]
[Date "2010.04.01"]
[Round "4"]
[White "Kessler, Andreas"]
[Black "Harig, Alexander"]
[Result "1/2-1/2"]
[WhiteElo "2111"]
[BlackElo "1998"]
[PlyCount "62"]
[EventDate "2010.03.27"]
[EventType "swiss"]
[EventRounds "7"]
[EventCountry "GER"]
[SourceTitle "EXT 2011"]
[Source "ChessBase"]
[SourceDate "2010.11.26"]
[SourceVersion "1"]
[SourceVersionDate "2010.11.26"]
[SourceQuality "1"]

1. f4 d5 2. Nf3 Nf6 3. d3 b6 4. c3 e6 5. Qa4+ Qd7 6. Qc2 c5 7. Ne5 Qc7 8. Nd2 Bd6 9. Ndf3 Nbd7 10. Nxd7 Bxd7 11. g3 Bc6 12. Bg2 h6 13. Bd2 0-0 14. 0-0 Rad8 15. Rae1 c4 16. d4 Ne4 17. Ne5 Nxd2 18. Qxd2 f5 19. Bf3 Bxe5 20. fxe5 Qe7 21. Kh1 Qg5 22. e3 Be8 23. Qe2 Bg6 24. Rg1 Qe7 25. Rg2 Rd7 26. Kg1 b5 27. Qd2 a5 28. Bd1 Rb7 29. Bc2 Bh5 30. Rf2 Kh8 31. Ref1 Rbb8 1/2-1/2

[Event "SVR-op 33rd"]
[Site "Mendig"]
[Date "2010.03.28"]
[Round "3"]
[White "Harig, Alexander"]
[Black "Schloetter, Hermann"]
[Result "1-0"]
[WhiteElo "1998"]
[BlackElo "1748"]
[PlyCount "29"]
[EventDate "2010.03.27"]
[EventType "swiss"]
[EventRounds "7"]
[EventCountry "GER"]
[SourceTitle "EXT 2011"]
[Source "ChessBase"]
[SourceDate "2010.11.26"]
[SourceVersion "1"]
[SourceVersionDate "2010.11.26"]
[SourceQuality "1"]

1. e4 c5 2. Nc3 d6 3. f4 g6 4. Nf3 Bg7 5. Bc4 e6 6. 0-0 Ne7 7. Kh1 Nbc6 8. d3 a6 9. a4 b6 10. Bd2 0-0 11. Qe1 Bd7 12. Qh4 Nd4 13. f5 Nxf3 14. Rxf3 exf5 15. Bg5 1-0